Wastewater microbiology (Record no. 395737)

MARC details
000 -LEADER
fixed length control field 00550 a2200205 4500
005 - DATE & TIME
control field 20260210110022.0
008 - FIXED-LENGTH DATA ELEMENTS--GENERAL INFORMATION
fixed length control field 260209b |||||||| |||| 00| 0 eng d
020 ## - ISBN
International Standard Book Number 9789387938441
Price Rs. 1295.00
040 ## - CATALOGING SOURCE
Original cataloging agency VIVEKANANDA LIBRARY
082 ## - DDC NUMBER
Classification number 628.301579
Book Number B453W(2)
100 ## - MAIN ENTRY--PERSONAL NAME
Personal name Bergey, D H
245 ## - TITLE STATEMENT
Title Wastewater microbiology
250 ## - EDITION STATEMENT
Edition statement 2nd
260 ## - PUBLICATION, DISTRIBUTION, ETC. (IMPRINT)
Name of publisher, distributor, etc Medtech Science Press
Date of publication, distribution, etc 2026
Place of publication, distribution, etc New Delhi
300 ## - PHYSICAL DESCRIPTION
Pages xx, 646
650 ## - Subject
Subject Wastewater Treatment
650 ## - Subject
Subject Microbiology of Wastewater
650 ## - Subject
Subject Municipal Engineering
942 ## - ADDED ENTRY ELEMENTS (KOHA)
Koha item type Books
Holdings
Withdrawn status Lost status Source of classification or shelving scheme Damaged status Not for loan Location (home branch) Sublocation or collection (holding branch) Shelving location Date acquired Koha issues (times borrowed) Koha full call number Accession No. Koha date last seen Koha item type
    Dewey Decimal Classification     VIVEKANANDA LIBRARY VIVEKANANDA LIBRARY Vivekananda Library 07/01/2026   628.301579 B453W(2) 443963 07/01/2026 Books
© Designed and Maintained by Vivekananda Library, MDU Rohtak